| 000 | 00654cam a22001933 4500 | ||
|---|---|---|---|
| 001 | 1768191 | ||
| 003 | BD-DhUL | ||
| 005 | 20170418103005.0 | ||
| 008 | 871222s1970 nyu 000 0 und | ||
| 035 | _a1768191 | ||
| 040 |
_aANL _beng _cANL _dBD-DhUL |
||
| 082 |
_a387 _bUNR |
||
| 245 | 0 | 0 |
_aRoute study : _bthe liner trades between France (Bayonne-Dunkirk range of ports) and Morocco / _creport by the Secretariat of UNCTAD. |
| 260 |
_aNew York : _bUnited Nations, _c1970. |
||
| 300 |
_avi, 49 p. ; _c28 cm. |
||
| 500 | _aAt head of title : United Nations Conference on Trade and Development, Geneva. | ||
| 942 |
_2ddc _cREF |
||
| 984 |
_aANL _cEpamq 759 |
||
| 999 |
_c184522 _d184522 |
||